000 00731nam a2200289 a 4500
003 AR-BaBNM
005 20251128210948.0
008 082120s2002 ||||||||||||||000 | spa||
020 _a950-557-254-9
040 _cAR-BaBNM
100 1 _aJelin, Elizabeth
245 1 0 _aPan y afectos
_bla transformación de las familias
260 _aSan Pablo
_bFondo de Cultura Económica
_c2000
300 _a140 p.
490 0 _aColección Popular
650 4 _aFAMILIA
650 4 _aMUJERES
650 4 _aDERECHOS CIVILES Y POLITICOS
650 4 _aVIOLENCIA
650 4 _aDIVORCIO
650 4 _aPOBREZA
650 4 _aDERECHOS HUMANOS
650 4 _aTRABAJO
651 4 _aAmérica Latina
942 _cBK
998 _cmariana
999 _c17653
_d17653